| 000 | 00615nam a2200193 a 4500 | ||
|---|---|---|---|
| 005 | 20140310183135.0 | ||
| 008 | 030428s19uu xx 00 eng d | ||
| 020 | _a0071184767 | ||
| 050 |
_aTK 7887.7 _b.B53797 2000 |
||
| 100 | _aBigelow, Stephen J. | ||
| 245 |
_aBigelow's printer troubleshooting pocket reference / _cStephen J. Bigelow. |
||
| 260 |
_aNew York : _bMcGraw Hill, _c2000. |
||
| 300 |
_a436 p. : _c19 cm. |
||
| 521 | _aIT | ||
| 650 |
_aComputer printers _xMaintenance and repair handbooks, etc. |
||
| 650 | _aComputer printers handbooks, manuals, etc. | ||
| 942 |
_cBK _2lcc _kFOR |
||
| 999 |
_c19255 _d19255 |
||